000 00308nam a2200121Ia 4500
008 191201s2007 xx 000 0 und d
100 _aAHUJA,M.L
245 0 _aEminent Indians Administrators & Political Thinkers
260 _aN. Delhi
_bRupa and Co
_c2007
300 _a108
650 _aBBA
942 _2ddc
_cBK
999 _c4487
_d4487